000 00316nam a22001337a 4500
999 _c13657
_d13657
020 _a9781307453607
082 _a338.7
100 _aClaire Lambert
245 _aBusiness Environments and Markets
250 _a2nd edition
260 _aAustralia
_bMcGraw Hill Education
_c2019
300 _a329 pages
942 _cBK